000 00609 a2200217 4500
005 20260205142705.0
008 260205b |||||||| |||| 00| 0 eng d
020 _a9781603271912
_c€ 99.99
040 _aMAIN
082 _a572.88
_bP761M
100 _aPollack, Jonathan R, ed.
245 _aMicroarray analysis of the physical genome: Methods and protocols
260 _bHumana Press
_c2009
_aNew York
300 _ax, 223
440 _aMethods in molecular biology: 556
650 _aBiochemistry
650 _aNucleic Acids
650 _aGenetics
650 _aMolecular Biology
942 _cBK
999 _c395244
_d395244